Measure That! Quiz Stats

Quiz Updated Jan 14, 2013

Challenge
Share
Tweet
Embed
Score 0/44 Timer 05:00
0 Plays Today
Clue Answer % Correct
12 inchesↂ FOOT ↂ
94.2%
NourishmentFOOD
89.9%
1,760 yardsↂ MILE ↂ
88.3%
Base of a plantROOT
87.7%
49ers or YankeesTEAM
86.8%
The Beatles or the EaglesBAND
84.7%
1⁄8 of a gallonↂ PINT ↂ
84.5%
At a low temperatureCOLD
84.4%
____ ColadaPINA
84.4%
Venus de ____MILO
83.1%
20 quires (paper)ↂ REAM ↂ
82.5%
Evergreen coniferous treePINE
81.5%
2.205 poundsↂ KILO ↂ
81.3%
Young male horseCOLT
81.2%
Spherical playthingBALL
81%
Cause the death ofKILL
80.3%
A cable or trolley carTRAM
79%
Helpful clue or suggestionHINT
78.8%
Benedict XVIPOPE
78%
Move about aimlesslyROAM
77.6%
Red and white mixturePINK
77%
0.0352739619 ouncesↂ GRAM ↂ
76.9%
Clue Answer % Correct
Back or rear partHIND
75.8%
4 inchesↂ HAND ↂ
75.1%
Large chest muscles PECS
73.8%
Mondeo or FusionFORD
71.7%
128 cubic feet (wood)ↂ CORD ↂ
71.2%
Photos or moviesPICS
70.6%
2 hogsheads (wine)ↂ PIPE ↂ
70%
Used by vehiclesROAD
69.4%
12 points (type size)ↂ PICA ↂ
67.9%
1⁄4 of a bushelↂ PECK ↂ
67.5%
11th US PresidentPOLK
67%
0.01 of a chainↂ LINK ↂ
66.2%
500 pounds (cotton)ↂ BALE ↂ
65.3%
1⁄4 of an acreↂ ROOD ↂ
65.1%
Scar left by diseasePOCK
62.9%
5 1⁄2 yardsↂ POLE ↂ
62.3%
6.0221415×10²³ of ...ↂ MOLE ↂ
62%
40 yards (cloth)ↂ BOLT ↂ
61.5%
Thing that ruins or spoilsBANE
60.1%
The trunk of a treeBOLE
49.8%
Irritate or vexGALL
35.3%
118 millilitersↂ GILL ↂ
32.6%

You're not logged in!

Compare scores with friends on all Sporcle quizzes.
Sign Up with Email
OR
Log In

You Might Also Like...

Show Comments

Extras

Top Quizzes Today


Score Distribution

Your Account Isn't Verified!

In order to create a playlist on Sporcle, you need to verify the email address you used during registration. Go to your Sporcle Settings to finish the process.